00673 2200241 4500001002100000005001700021008004100038035002400079040001200103082001000115090001700125100001900142245005400161250001200215260005600227300002900283650002300312850001200335990002100347990002100368990002100389990002100410YOGYA-0209000007138120090227093535.0 ind  0010-020900000071381 aYOPDYOG a657.3 a657.3bSug A aSUGIRI, Slamet aAkuntansi keuangan menengah buku 1cSlamet Sugiri aEd. rev aYogyakartabAkademi Manajemen Perusahaan YKPNc2005 avii,308 hlmbilusc24 cm aAkuntansi Keuangan aYOPDYOG a34188-PD/A.08b1 a34187-PD/A.08b1 a34186-PD/A.08b1 a34185-PD/A.08b1